Engineering Mechanics Dynamics (Record no. 5918)

MARC details
000 -LEADER
fixed length control field 00593nam a22002297a 4500
003 - CONTROL NUMBER IDENTIFIER
control field OSt
005 - DATE AND TIME OF LATEST TRANSACTION
control field 20171213140227.0
008 - FIXED-LENGTH DATA ELEMENTS--GENERAL INFORMATION
fixed length control field 171213b xxu||||| |||| 00| 0 eng d
020 ## - INTERNATIONAL STANDARD BOOK NUMBER
International Standard Book Number 1292088729
020 ## - INTERNATIONAL STANDARD BOOK NUMBER
International Standard Book Number 9781292088723
040 ## - CATALOGING SOURCE
Transcribing agency DDC
082 ## - DEWEY DECIMAL CLASSIFICATION NUMBER
Classification number 620.1 HIB 2017
100 ## - MAIN ENTRY--PERSONAL NAME
Personal name Hibbeler, R.C.
9 (RLIN) 12293
245 ## - TITLE STATEMENT
Title Engineering Mechanics Dynamics
250 ## - EDITION STATEMENT
Edition statement 14th ed.
260 ## - PUBLICATION, DISTRIBUTION, ETC. (IMPRINT)
Place of publication, distribution, etc. Hoboken; Pearson, 2017
300 ## - PHYSICAL DESCRIPTION
Extent xxv,762p; col.ill: 24cm
504 ## - BIBLIOGRAPHY, ETC. NOTE
Bibliography, etc Answers, & index included
650 ## - SUBJECT ADDED ENTRY--TOPICAL TERM
Topical term or geographic name as entry element Engineering mechanics
9 (RLIN) 12294
650 ## - SUBJECT ADDED ENTRY--TOPICAL TERM
Topical term or geographic name as entry element Dynamics
9 (RLIN) 4401
942 ## - ADDED ENTRY ELEMENTS (KOHA)
Source of classification or shelving scheme Other/Generic Classification Scheme
Koha item type Open Shelf
Holdings
Withdrawn status Lost status Source of classification or shelving scheme Damaged status Not for loan Home library Current library Date acquired Source of acquisition Inventory number Total Checkouts Full call number Barcode Date last seen Koha item type
    Dewey Decimal Classification     MUST Main Library MUST Main Library 13/12/2017   17/40256   620.1 HIB 2017 2017-0979 13/12/2017 Open Shelf
    Dewey Decimal Classification     MUST Main Library MUST Main Library 29/10/2019 Purchase 19/41013   620.1 HIB 2017 2019-0581 29/10/2019 Open Shelf
    Dewey Decimal Classification     MUST Main Library MUST Main Library 29/10/2019 Purchase 19/41014   620.1 HIB 2017 2019-0582 29/10/2019 Open Shelf
    Dewey Decimal Classification     MUST Main Library MUST Main Library 29/10/2019 Purchase 19/41015   620.1 HIB 2017 2019-0583 29/10/2019 Open Shelf